Statistics for French license plate quiz

Click here to take the quiz!

General Stats

  • This quiz has been taken 4 times
  • The average score is 26 of 102

Answer Stats

numberdepartmentregion% Correct
75ParisÎle-de-France
100%
42LoireAuvergne-Rhône-Alpes
75%
10AubeGrand Est
50%
12AveyronOccitanie
50%
16CharenteNouvelle-Aquitaine
50%
18CherCentre-Val de Loire
50%
74Haute SavoieAuvergne-Rhône-Alpes
50%
34HeraultOccitanie
50%
36IndreCentre-Val de Loire
50%
62Pas de CalaisHauts-de-France
50%
73SavoieAuvergne-Rhône-Alpes
50%
83VarProvence-Alpes-Côte d'Azur
50%
84VaucluseProvence-Alpes-Côte d'Azur
50%
1AinAuvergne-Rhône-Alpes
25%
2AisneHauts-de-France
25%
3AllierAuvergne-Rhône-Alpes
25%
4Alpes de Haute ProvenceProvence-Alpes-Côte d'Azur
25%
6Alpes MaritimesProvence-Alpes-Côte d'Azur
25%
11AudeOccitanie
25%
67Bas RhinGrand Est
25%
13Bouches du RhoneProvence-Alpes-Côte d'Azur
25%
14CalvadosNormandie
25%
15CantalAuvergne-Rhône-Alpes
25%
17Charente MaritimeNouvelle-Aquitaine
25%
2ACorse du SudCorse
25%
21Cote d'OrBourgogne-Franche-Comté
25%
22Cotes d'ArmorBretagne
25%
79Deux SevresNouvelle-Aquitaine
25%
24DordogneNouvelle-Aquitaine
25%
25DoubsBourgogne-Franche-Comté
25%
26DromeAuvergne-Rhône-Alpes
25%
27EureNormandie
25%
28Eure et LoirCentre-Val de Loire
25%
29FinistereBretagne
25%
30GardOccitanie
25%
32GersOccitanie
25%
33GirondeNouvelle-Aquitaine
25%
971GuadeloupeOutre-Mer
25%
2BHaute CorseCorse
25%
31Haute-GaronneOccitanie
25%
43Haute LoireAuvergne-Rhône-Alpes
25%
52Haute MarneGrand Est
25%
5Hautes AlpesProvence-Alpes-Côte d'Azur
25%
70Haute SaoneBourgogne-Franche-Comté
25%
65Hautes PyreneesOccitanie
25%
87Haute VienneNouvelle-Aquitaine
25%
68Haut RhinGrand Est
25%
92Hauts de SeineÎle-de-France
25%
35Ille et VilaineBretagne
25%
37Indre et LoireCentre-Val de Loire
25%
38IsereAuvergne-Rhône-Alpes
25%
39JuraBourgogne-Franche-Comté
25%
40LandesNouvelle-Aquitaine
25%
44Loire AtlantiquePays de la Loire
25%
45LoiretCentre-Val de Loire
25%
41Loir et CherCentre-Val de Loire
25%
46LotOccitanie
25%
47Lot et GaronneNouvelle-Aquitaine
25%
48LozereOccitanie
25%
49Maine et LoirePays de la Loire
25%
50MancheNormandie
25%
51MarneGrand Est
25%
972MartiniqueOutre-Mer
25%
53MayennePays de la Loire
25%
976MayotteOutre-Mer
25%
54Meurthe et MoselleGrand Est
25%
55MeuseGrand Est
25%
56MorbihanBretagne
25%
57MoselleGrand Est
25%
59NordHauts-de-France
25%
63Puy de DomeAuvergne-Rhône-Alpes
25%
64Pyrenees AtlantiquesNouvelle-Aquitaine
25%
66Pyrenees OrientalesOccitanie
25%
974ReunionOutre-Mer
25%
69DRhoneAuvergne-Rhône-Alpes
25%
71Saone et LoireBourgogne-Franche-Comté
25%
72SarthePays de la Loire
25%
77Seine et MarneÎle-de-France
25%
93Seine Saint DenisÎle-de-France
25%
80SommeHauts-de-France
25%
81TarnOccitanie
25%
82Tarn et GaronneOccitanie
25%
90Territoire de BelfortBourgogne-Franche-Comté
25%
94Val de MarneÎle-de-France
25%
95Val d'OiseÎle-de-France
25%
86VienneNouvelle-Aquitaine
25%
88VosgesGrand Est
25%
89YonneBourgogne-Franche-Comté
25%
78YvelinesÎle-de-France
25%
7ArdecheAuvergne-Rhône-Alpes
0%
8ArdennesGrand Est
0%
9AriegeOccitanie
0%
19CorrezeNouvelle-Aquitaine
0%
23CreuseNouvelle-Aquitaine
0%
91EssonneÎle-de-France
0%
973Guyane francaiseOutre-Mer
0%
69MMetropole de LyonAuvergne-Rhône-Alpes
0%
58NievreBourgogne-Franche-Comté
0%
60OiseHauts-de-France
0%
61OrneNormandie
0%
76Seine MaritimeNormandie
0%
85VendeePays de la Loire
0%

Score Distribution

Percentile by Number Answered

Percent of People with Each Score

Your Score History

You have not taken this quiz